Oidium heveae : Report on the 1935 outbreak of Hevea leaf mildew (Record no. 64323)

MARC details
000 -LEADER
fixed length control field 00366nam a2200121Ia 4500
245 #0 - TITLE STATEMENT
Title Oidium heveae : Report on the 1935 outbreak of Hevea leaf mildew
260 ## - PUBLICATION, DISTRIBUTION, ETC. (IMPRINT)
Name of publisher Journal of the Rubber Research Institute of Malaya
Year of publication 1935
300 ## - PHYSICAL DESCRIPTION
Number of Pages 49-57
650 ## - SUBJECT ADDED ENTRY--TOPICAL TERM
Topical Term Hevea leaf mildew
650 ## - SUBJECT ADDED ENTRY--TOPICAL TERM
Topical Term Oidium hevea
942 ## - ADDED ENTRY ELEMENTS (KOHA)
Koha item type Journals
Holdings
Withdrawn status Lost status Damaged status Not for loan Home library Current library Shelving location Date acquired Serial Enumeration / chronology Koha item type
      Journals RRII Library RRII Library Pathology 17/12/2021 Volume 6, Issue 1 Journals